Sets of Three V Quiz Stats

 Plays Quiz Updated Jan 7, 2017

Support Sporcle.
Go Orange.
Score 0/30 Timer 04:00
2 Plays Today
% Correct
Simpson Children
94.9%
Eye Anatomy
94.4%
Awards
94.4%
Friends
94.1%
Fungi
94%
Ivy League Schools
93.4%
Spice Girls
93.3%
Teas
93.1%
Woodwinds
92.9%
Chinese Dynasties
91.5%
Candy Bars
89.3%
Evergreens
89.1%
Door Parts
88.2%
Roman Emperors
87.9%
Gilligan's Island Residents
87.4%
% Correct
Fords
87%
Vodkas
86.1%
Space Shuttles
85.8%
Clefs
83.6%
Rugby Terms
83.5%
Nazis
83.4%
NATO Members
83.1%
Planes
82.1%
Rums
81.2%
Caribbean Islands
79.7%
African Capitals
75.5%
Church Parts
74.4%
Risk Territories
73%
Plains
72.3%
Apples
69%

You're not logged in!

Compare scores with friends on all Sporcle quizzes.
OR
Log In
Forgot?

From the Vault

1,000 RBIs, One Team

by grouchoatty

Each of these players ran up the score for one team in particular.
Remove Ads.
Support Sporcle.
Get the best of Sporcle when you Go Orange. This ad-free experience offers more features, more stats, and more fun while also helping to support Sporcle. Thank you for becoming a member.

Show Comments

Extras

Top Quizzes Today


Score Distribution

Your Account Isn't Verified!

In order to create a playlist on Sporcle, you need to verify the email address you used during registration. Go to your Sporcle Settings to finish the process.

Report this User

Report this user for behavior that violates our Community Guidelines.

Details: